Greek Logo Quiz Level 7 - Statistics

General Stats
  • This quiz has been taken 25 times
  • The average score is 12 of 25
Answer Stats
Picture Hint Answer % Correct
Γνωστός Ιστότοπος Java
100%
M_st__c__d Mastercard
86%
Kn___ Knorr
71%
Διαδίκτυο Ζώνης Wi-Fi Zone
71%
B_ll___ng Billabong
57%
Γνωστό Αφρόλουτρο Dove
57%
Γνωστό Εστιατόριο Hard Rock Cafe
57%
Κατάστημα Οικιακών Συσκευών και Ψυχαγωγίας Media Markt
57%
Ιστοσελίδα φιλοξενίας εικόνων θυμίζει γνωστό ζωγράφο Picasa
57%
Γνωστά Μπισκότα Παπαδόπουλου
43%
Λ__ν__ς Λέοντος
43%
‘Η Τράπεζα της Αττικής’ Attica Bank
43%
Γνωστή Τεχνολογία Debian
43%
Προϊόντα Κουζίνας Izzy
43%
K_r_ S__ Kero Sun
43%
M_ C__n Mc Cain
43%
Γνωστό Αναψυκτικό Powerade
43%
Κατάστημα Τεχνολογίας Public
43%
Κατάστημα τεχνολογίας με το όνομα ενός πλανήτη Saturn
43%
Λειτουργικό Σύστημα Ubuntu
43%
Γνωστά Βιβλία Εκδόσεις Ψυχογιός
29%
Ελληνικά Βιβλία Εκδόσεις Πατάκη
29%
Ελληνικά Παγωτά Δωδώνη
29%
Γνωστά Μπισκότα Αλλατίνη
29%
Εταιρεία εισαγωγής και παραγωγής παιχνιδιών Deagostini
29%
No matching quizzes found
Score Distribution
Percent of People with Each Score
Percentile by Number Answered
Your Score History
You have not taken this quiz